LEADER 00817nam0-22003011i-450- 001 990003345500403321 005 20080516112141.0 010 $a0-582-53804-1 035 $a000334550 035 $aFED01000334550 035 $a(Aleph)000334550FED01 035 $a000334550 100 $a20030910d1977----km-y0itay50------ba 101 0 $aeng 105 $ay-------001yy 200 1 $aBeowulf$fretold by Gordon Walsh$gillustrated by Michael Carlton 210 $aHarlow$cLongman$d1977 225 1 $aLongman structural readers 676 $a807 700 1$aWalsh,$bGordon$0103168 701 1$aCarlton,$bMichael$0428815 801 0$aIT$bUNINA$gRICA$2UNIMARC 901 $aBK 912 $a990003345500403321 952 $a807 WAL$bLINGUE 2276$fDECLI 959 $aDECLI 996 $aBeowulf$9442668 997 $aUNINA LEADER 01051nas 2200397 c 450 001 9910135710703321 005 20260218111743.0 035 $a(CKB)110978984566349 035 $a(OCoLC)165736941 035 $a(DE-101)020098189 035 $a(DE-599)ZDB2003372-2 035 $a(DE-599)2003372-2 035 $a(EXLCZ)99110978984566349 100 $a20000209a19979999 |y | 101 0 $aspa 135 $aur||||||||||| 181 $ctxt$2rdacontent 182 $cc$2rdamedia 183 $acr$2rdacarrier 200 00$aA parte rei$erevista de filosofi?a 210 31$aMadrid$cSoc. de Estudios Filosoficos$d1997- 215 $aOnline-Ressource 300 $aGesehen am 14.10.04 311 08$a1137-8204 517 $aA Parte Rei : Revista de Filosofia 608 $aZeitschrift$2gnd-content 676 $a100 686 $aPHILOS$qDE-12$2fid 686 $a5,1$2ssgn 801 0$b0029 801 1$bDE-101 801 2$b0012 906 $aJOURNAL 912 $a9910135710703321 996 $aA parte rei$92131748 997 $aUNINA